Dutch Eredivisie and Eerste Divisie teams 2022-23 - Statistics

General Stats
  • This quiz has been taken 164 times
  • The average score is 32 of 38
Answer Stats
League Team % Correct
Eredivisie AFC Ajax
100%
Eredivisie PSV Eindhoven
99%
Eredivisie Feyenoord Rotterdam
98%
Eredivisie FC Groningen
97%
Eredivisie AZ Alkmaar
95%
Eredivisie FC Twente
95%
Eredivisie FC Utrecht
94%
Eredivisie SC Heerenveen
93%
Eredivisie NEC Nijmegen
91%
Eredivisie SBV Vitesse
91%
Eredivisie Fortuna Sittard
90%
Eerste Divisie NAC Breda
89%
Eredivisie SC Cambuur-Leeuwarden
89%
Eredivisie Sparta Rotterdam
88%
Eredivisie FC Volendam
87%
Eerste Divisie Jong Ajax
87%
Eerste Divisie Heracles Almelo
86%
Eredivisie SBV Excelsior
86%
Eerste Divisie Almere City FC
85%
Eerste Divisie Jong PSV
85%
Eerste Divisie PEC Zwolle
85%
Eerste Divisie Willem II
85%
Eerste Divisie ADO Den Haag
84%
Eerste Divisie Jong AZ
83%
Eerste Divisie VVV-Venlo
83%
Eredivisie FC Emmen
82%
Eerste Divisie Jong FC Utrecht
78%
Eerste Divisie MVV Maastricht
78%
Eredivisie Go Ahead Eagles
77%
Eerste Divisie FC Den Bosch
75%
Eerste Divisie Roda JC Kerkrade
74%
Eerste Divisie FC Dordrecht
73%
Eredivisie RKC Waalwijk
73%
Eerste Divisie TOP Oss
73%
Eerste Divisie FC Eindhoven
69%
Eerste Divisie SC Telstar
67%
Eerste Divisie Helmond Sport
66%
Eerste Divisie De Graafschap
64%
No matching quizzes found
Score Distribution
Percent of People with Each Score
Percentile by Number Answered
Your Score History
You have not taken this quiz